000 00924nam a2200253Ia 4500
003 GCL
008 140319s9999 xx 000 0 ara d
020 _a1299281977
040 _aGCL /
_cGCL
082 0 4 _a791.4309
_bف س
100 1 _aفتحى العشرى
245 1 0 _aسينما نعم سينما لا - ثانى مرة :
_bكتب السينما المصرية والعالمية /
_cفتحى العشرى
250 _aالاولى
260 _aالقاهرة :
_bالمكتبة الاكاديمية ،
_c2006
300 _a349 ص ؛
_c24 سم
650 0 4 _aالممثلون والممثلات
650 0 4 _aالمقالات الصحفية
650 0 4 _aالافلام التسجيلية
650 0 4 _aالسينما المصرية - تاريخ
650 0 4 _aالسينما - مقالات
650 0 4 _aالسينما - تاريخ ونقد
650 0 4 _aعبدالحليم حافظ
942 _2ddc
_cBK
999 _c9828
_d9828